MARC

LEADER 00000nam0a2200000 4500
001 281233
005 20231101235401.0
020 |a RU  |b 86-8222 
035 |a (RuTPU)RU\TPU\book\304910 
090 |a 281233 
100 |a 20150120d1986 km y0rusy5003 ca 
101 0 |a rus 
102 |a RU 
105 |a y z 000zy 
200 1 |a Управление трудовыми ресурсами на современном этапе  |e межвузовский сборник  |f Ленинградский финансово-экономический институт им. Н. А. Вознесенского (ЛФЭИ) 
210 |a Ленинград  |c Изд-во ЛФЭИ  |d 1986 
215 |a 166 с.  |d 20 см 
606 1 |a Трудовые ресурсы  |x Управление  |2 stltpush  |3 (RuTPU)RU\TPU\subj\37115  |9 58255 
610 1 |a методологические вопросы 
610 1 |a методические вопросы 
610 1 |a занятость 
610 1 |a отраслевая структура 
610 1 |a территориальная организация 
610 1 |a формирование 
610 1 |a распределение 
610 1 |a использование 
610 1 |a эффективность 
610 1 |a рабочее место 
610 1 |a аттестация 
610 1 |a кадры 
610 1 |a потребность 
610 1 |a специалисты 
610 1 |a воспроизводство 
686 |a У9(2)240  |v LBC/SL-A  |2 rubbk 
712 0 2 |a Ленинградский финансово-экономический институт им. Н. А. Вознесенского (ЛФЭИ)  |c (1930-1991)  |2 stltpush  |3 (RuTPU)RU\TPU\col\5601 
801 0 |a RU  |b RuMRKP  |c 19950704  |g psbo 
801 1 |a RU  |b 63413507  |c 20150120 
801 2 |a RU  |b 63413507  |c 20170313  |g RCR 
942 |c BK